000 01301nam a2200253 i 4500
001 154071
003 ES-MaACL
005 20250829061619.0
008 950110s1854 sp a |||| | spa d
100 1 _aFerrer de Couto, José.
_950453
245 1 0 _aHistoria de la Marina Real española
_b: desde el descubrimiento de las Américas hasta el combate de Trafalgar /
_cJosé Ferrer de Couto y [José March y Labores].
260 _aMadrid :
_b[s.n.],
_c1854 (
_eImp. de José María Ducazcal)
300 _a2 v. (669 p. [i.e. 696], [11] h. de lám.; 835 p.) :
_bil. ;
_c33 cm.
510 4 _aPalau,
_c90491
594 _aSegun Palau, en el v. 2 se declara que José Ferrer de Couto escribió hasta la p. 594 del v. 1; el resto de la obra es de José March y Labores, cuyo nombre figura en la port. del v. 2.
597 _aEl v. 1 carece de port.; datos tomados del v. 2.
599 _aLám. de Urrabieta, C. Mugica y Augusto de Belbedero.
650 7 _aDescubrimientos geográficos españoles
_2embne
_911831
651 4 _aAmérica-
_xDescubrimientos y exploraciones-
_xEspañoles.
_9138324
651 4 _aEspaña-
_xHistoria naval.
_98375
700 1 _aMarch y Labores, José.
_9171493
852 _aES-MaACL
_jC-1633-34
_z- Enc. hol., v. 1 falto de port.
999 _c154071
_d154071